000 00790nas a2200265 4500
001 BR2012008218
003 BR-BrBNA
005 20231205121402.0
007 ta
008 230509b bl.|||p| |||| 00| 00por d
040 _aBR-BrBNA
_bpor
_cBiblioteca Nacional de Agricultura
041 _a(Pt)
072 _aF70
100 1 _aMonteiro, S.H.N.
100 1 _aSilva, M.F.F. da
100 1 _aSecco, R. de S.
245 1 _aO gênero Galeandra (Orchidaceae)na amazônia brasileira
650 _aORQUÍDEA
650 _aORCHIDACEAE
650 _aDISTRIBUIÇÃO GEOGRÁFICA
650 _aCOMPOSIÇÃO BOTÂNICA
773 0 _tActa Amazônica (Brazil)
_xISSN 0044-5967
_g(Mar 2009), v. 39(1) p. 21-34
_wBR2012008218
909 _a202311
_bLúcia
_c55
_dLúcia Elande
942 _2AGRIS
_n0
_cANA
999 _c223300
_d223300